PC Upgrading Maintenance And Trouble Shooting Guide / (رقم التسجيلة. 31324)

تفاصيل مارك
000 -الفاتح
حقل البيانات ثابتة الطول 00606nam a2200205 a 4500
001 - رقم الضبط
رقم الضبط ASIN0198084560
003 - محدد رقم الضبط
رقم الضبط OSt
005 - وقت وتاريخ اخر تعامل مع التسجيلة
رقم الضبط 20150408114143.0
008 - عناصر البيانات ثابتة الطول - معلومات عامة
حقل البيانات ثابتة الطول 130927s2012 xxu eng d
020 ## - الرقم الدولى المعيارى للكتب
الرقم الدولى المعيارى للكتاب 9788185749365
040 ## - مصدر الفهرسة
وكالة الفهرسة الأصلية Ma-Un
082 04 - رقم تصنيف ديوى العشرى
رقم التصنيف 621.3916
100 1# - المدخل الرئيسى - إسم شخصى
الإسم الشخصى Chauhan. S. K.
9 (RLIN) 37949
245 10 - بيان العنوان
العنوان PC Upgrading Maintenance And Trouble Shooting Guide /
بيان المسئوليه,etc S K Chauhan
260 ## - PUBLICATION, DISTRIBUTION, ETC. (IMPRINT)
مكان الناشر او الموزع Kolkata :
اسم الناشر او الموزع S. K. Kataria & Sons,
تاريخ النشر أو التوزيع 2012.
300 ## - الوصف المادى
التعداد 444 p. ;
أبعاد الوعاء 24 cm.
650 #0 - المدخل الاضافى بالموضوع-مصطلح موضوعى
مصطلح موضوعي أو اسم جغرافي كعنصر مدخل Microcomputers
9 (RLIN) 4843
التقسيم الفرعي العام Maintenance and repair
650 #0 - المدخل الاضافى بالموضوع-مصطلح موضوعى
مصطلح موضوعي أو اسم جغرافي كعنصر مدخل Microcomputers
9 (RLIN) 38027
التقسيم الفرعي العام Upgrading
942 ## - عناصر المدخل الإضافي( كوها)
مصدر التصنيف او مخطط الترفيف Dewey Decimal Classification
Koha [default] item type كتاب
المقتنيات
حالة الفقد نموذج السعر الفعال حالة تلف ليس للاعارة رقم الطلب رقم النسخة تاريخ الاكتساب الموقع الحالي الباركود الفرع الرئيسي Date last seen نوع المادة فى نظام كوها مصدر التصنيف او خطة الترفيف Total Checkouts
  2013-10-17     621.3916 CSP n1 2013-10-17 المكتبة المركزية بالمجمعة (CL) 00451447 المكتبة المركزية بالمجمعة (CL) 2013-10-17 كتاب Dewey Decimal Classification  
  2013-10-17     621.3916 CSP n2 2013-10-17 المكتبة المركزية بالمجمعة (CL) 00451446 المكتبة المركزية بالمجمعة (CL) 2013-10-17 كتاب Dewey Decimal Classification  
  2013-10-17   Not For Loan 621.3916 CSP n3 2013-10-17 المكتبة المركزية بالمجمعة (CL) 00451444 المكتبة المركزية بالمجمعة (CL) 2013-10-17 كتاب Dewey Decimal Classification  
  2013-10-17     621.3916 CSP n1 2013-10-17 مكتبة مجمع الكليات بالزلفى - طلاب (SZM) 00451442 مكتبة مجمع الكليات بالزلفى - طلاب (SZM) 2013-10-17 كتاب Dewey Decimal Classification  
  2013-10-17     621.3916 CSP n2 2013-10-17 مكتبة مجمع الكليات بالزلفى - طلاب (SZM) 00451445 مكتبة مجمع الكليات بالزلفى - طلاب (SZM) 2013-10-17 كتاب Dewey Decimal Classification  
  2013-10-17   Not For Loan 621.3916 CSP n3 2013-10-17 مكتبة مجمع الكليات بالزلفى - طلاب (SZM) 00451443 مكتبة مجمع الكليات بالزلفى - طلاب (SZM) 2013-10-17 كتاب Dewey Decimal Classification